Picaduras y mordeduras de algunos animales venenosos (Record no. 182280)
[ view plain ]
| 000 -LEADER | |
|---|---|
| campo de control de longitud fija | 00459nam a2200145 i 4500 |
| 001 - NÚMERO DE CONTROL | |
| campo de control | 182280 |
| 003 - IDENTIFICADOR DE NÚMERO DE CONTROL | |
| campo de control | ES-MaACL |
| 005 - FECHA Y HORA DE LA ÚLTIMA TRANSACCIÓN | |
| campo de control | 20230906221554.0 |
| 008 - DATOS DE LONGITUD FIJA--INFORMACIÓN GENERAL | |
| campo de control de longitud fija | 130730q19501970sp |||| | spa d |
| 245 00 - MENCIÓN DEL TÍTULO | |
| Título | Picaduras y mordeduras de algunos animales venenosos |
| Resto del título | : su tratamiento con "Calcium-Sandoz". |
| 260 ## - PUBLICACIÓN, DISTRIBUCIÓN, ETC. | |
| Lugar de publicación, distribución, etc. | Madrid : |
| Nombre del editor, distribuidor, etc. | Sandoz, |
| Fecha de publicación, distribución, etc. | [195-?] |
| 300 ## - DESCRIPCIÓN FÍSICA | |
| Extensión | 51 p. : |
| Otras características físicas | il. ; |
| Dimensiones | 22 cm. |
| 650 #4 - PUNTO DE ACCESO ADICIONAL DE MATERIA--TÉRMINO DE MATERIA | |
| Término de materia o nombre geográfico como elemento de entrada | Mordeduras y picaduras. |
| 9 (RLIN) | 153116 |
| 852 ## - LOCALIZACIÓN | |
| Ubicación | ES-MaACL |
| Número de control de estantería | 2316-F-28 |
| Estatus retirado | Estado de pérdida | Estado de daño | No para préstamo | Colección | Biblioteca de origen | Biblioteca actual | Ubicación en estantería | Fecha de adquisición | Fuente de adquisición | Total de préstamos | Signatura topográfica completa | Código de barras | Visto por última vez | Precio de reemplazo | Tipo de ítem Koha |
|---|---|---|---|---|---|---|---|---|---|---|---|---|---|---|---|
| Colección de folletos | Biblioteca del Ateneo de Madrid | Biblioteca del Ateneo de Madrid | Depósito folletos | 30/07/2013 | 2316-F-28 | 1191556 | 23/02/2023 | 23/02/2023 | Folleto |
